I Tribunali Ecclesiastici: costituzione, organizzazione, norme processuali

Gespeichert in:
Bibliographische Detailangaben
1. Verfasser: Ramos, Francisco J (VerfasserIn)
Format: Buch
Sprache:Italienisch
Veröffentlicht: Roma Millenium Romae 1998
Schlagworte:
Tags: Tag hinzufügen
Keine Tags, Fügen Sie den ersten Tag hinzu!

MARC

LEADER 00000nam a2200000 a 4500
001 UCL1339
003 CL-VaPUC
008 030905e19980000IT |||||||||||||||||ita|d
020 |a 888711708X 
082 0 4 |a 262.9  |b RAM  |2 21 
100 0 |a Ramos, Francisco J  |e author  |9 478305 
245 1 2 |a I Tribunali Ecclesiastici: costituzione, organizzazione, norme processuali 
300 |a 527 p 
942 |c BK 
945 |d 20030905 00:00:00  |a cmena 
260 |a Roma  |b Millenium Romae  |c 1998 
650 0 |a Derecho eclesiástico  |9 255055 
650 7 |a DERECHO CANONICO  |2 CL-VaPUC  |9 478306 
650 0 |a Derecho procesal penal  |9 255496 
650 7 |a TRIBUNAL ECLESIASTICO  |2 CL-VaPUC  |9 478307 
583 |a last modification  |c 20030905 00:00:00  |k Rodrigo Vera 
999 |c 304978  |d 304976 
952 |0 0  |1 0  |4 0  |6 262_900000000000000_RAM_1998  |7 0  |8 A  |9 367855  |a BIBDER  |b BIBDER  |d 2019-11-21  |i 3927822  |l 1  |m 1  |o 262.9 RAM 1998  |p 3927822  |r 2024-01-29  |s 2023-09-01  |w 2019-11-21  |y BK  |k DER